La desindustrialización en Colombia : (Registro nro. 12564)
[ vista simple ]
| 000 -LEADER | |
|---|---|
| fixed length control field | 01672nam a2200277Ia 4500 |
| 003 - CONTROL NUMBER IDENTIFIER | |
| control field | OSt |
| 005 - DATE AND TIME OF LATEST TRANSACTION | |
| control field | 20210927135940.0 |
| 008 - FIXED-LENGTH DATA ELEMENTS--GENERAL INFORMATION | |
| fixed length control field | 210310s2012 ck ad gr 000 0 spa d |
| 020 ## - INTERNATIONAL STANDARD BOOK NUMBER | |
| International Standard Book Number | 9789585704220 |
| 040 ## - CATALOGING SOURCE | |
| Original cataloging agency | CO-JMCR |
| Transcribing agency | CO-JMCR |
| 041 0# - LANGUAGE CODE | |
| Language code of text/sound track or separate title | spa |
| 082 04 - DEWEY DECIMAL CLASSIFICATION NUMBER | |
| Classification number | 338.09861 / |
| Item number | C617d |
| Edition number | 23 |
| 100 1# - MAIN ENTRY--PERSONAL NAME | |
| Personal name | Clavijo, Sergio, |
| Relator term | autor |
| 9 (RLIN) | 28582 |
| 245 13 - TITLE STATEMENT | |
| Title | La desindustrialización en Colombia : |
| Remainder of title | análisis cuantitativo de sus determinantes / |
| Statement of responsibility, etc. | Sergio Clavijo, Alejandro Vera, Alejandro Fandiño |
| 260 ## - PUBLICATION, DISTRIBUTION, ETC. | |
| Place of publication, distribution, etc. | Bogotá : |
| Name of publisher, distributor, etc. | Centro de Estudios Económicos, |
| Date of publication, distribution, etc. | 2012. |
| 300 ## - PHYSICAL DESCRIPTION | |
| Extent | 102 páginas : |
| Other physical details | ilustraciones y gráficas en blanco y negro ; |
| Dimensions | 21 cm. |
| 500 ## - GENERAL NOTE | |
| General note | Incluye índice de gráficas. |
| 504 ## - BIBLIOGRAPHY, ETC. NOTE | |
| Bibliography, etc. note | Bibliografía : páginas 83-85. |
| 505 0# - FORMATTED CONTENTS NOTE | |
| Formatted contents note | Teoría y evidencia sobre desindustrialización. -- La desindustrialización en Colombia. -- Determinantes del proceso de desindustrialización en Colombia. -- ¿Hacia dónde va el sector industrial colombiano? |
| 520 0# - SUMMARY, ETC. | |
| Summary, etc. | Este documento analiza el proceso de desindustrialización de Colombia durante 1965-2012, tratando de separar lo que sería su "movimiento secular" (normal) de aquellos factores que lo han acelerado por cuenta de la llamada Enfermedad Holandesa (EH). Se trata de una acelerada desindustrialización, donde la relación Valor Agregado Industrial/PIB ha caído de un valor cercano al 24% a mediados de los años setenta hacia un 20%-22% en los ochenta y ahora. |
| 650 14 - SUBJECT ADDED ENTRY--TOPICAL TERM | |
| Topical term or geographic name entry element | Desindustrialización. |
| Geographic subdivision | Colombia |
| 9 (RLIN) | 40828 |
| 650 24 - SUBJECT ADDED ENTRY--TOPICAL TERM | |
| Topical term or geographic name entry element | Teoría desentralización |
| Geographic subdivision | Colombia |
| 9 (RLIN) | 40829 |
| 700 ## - ADDED ENTRY--PERSONAL NAME | |
| Personal name | Vera, Alejandro, |
| Relator term | autor |
| 9 (RLIN) | 4755 |
| 700 ## - ADDED ENTRY--PERSONAL NAME | |
| Personal name | Fandiño, Alejandro, |
| Relator term | autor |
| 9 (RLIN) | 40830 |
| 942 ## - ADDED ENTRY ELEMENTS (KOHA) | |
| Source of classification or shelving scheme | Dewey Decimal Classification |
| Koha item type | Books |
| Withdrawn status | Lost status | Source of classification or shelving scheme | Damaged status | Not for loan | Home library | Current library | Shelving location | Date acquired | Source of acquisition | Full call number | Barcode | Date last seen | Copy number | Price effective from | Koha item type |
|---|---|---|---|---|---|---|---|---|---|---|---|---|---|---|---|
| Dewey Decimal Classification | Biblioteca Pública José María del Castillo y Rada | Biblioteca Pública José María del Castillo y Rada | General Stacks | 04/15/2018 | Donación | 338.09861 / C617d | 430004882 | 05/16/2024 | Ej.1 | 03/10/2021 | Books |